000 00613nam a2200217Ia 4500
008 170203s9999 xx 000 0 und d
020 _a0 717285669
050 _a0 30
050 _bG875 1999
100 _aHunt, Nigel.
245 _aManaging Performance Reviews :
245 _bHow to ensure your appraisals improve individual performance and organisational results /
245 _cNigel Hunt.
250 _aDeluxe edtion.
260 _aHongkong : 
260 _bGrolier International Inc.
260 _c1999
300 _a168 pages :
300 _c24 cm.
440 _aGrolier Business Library.
999 _c305874
_d305874